SVÚ 2014/2015 - ročenka Slovenskej výtvarnej únie

Gespeichert in:
Bibliographische Detailangaben
Format: Buch
Sprache:Slowakisch
Veröffentlicht: Bratislava : Slovenská výtvarná únia, 2014
Schlagworte:
Tags: Tag hinzufügen
Keine Tags, Fügen Sie das erste Tag hinzu!

MARC

LEADER 00000nam a22000003a 4500
001 0003330
003 SK-STU
005 20251126131548.4
007 ta
008 150306s ----xo-----e------100-0-----d
020 |a 978-80-88906-34-2 
040 |a STU  |b slo 
041 0 |a slo 
044 |a xo 
245 1 0 |a SVÚ 2014/2015 - ročenka Slovenskej výtvarnej únie 
260 |a Bratislava :  |b Slovenská výtvarná únia,  |c 2014 
300 |a 107 s. 
650 4 |a Umelka 
996 |b 284AU06400  |c A* 9312 U  |l AAKNST  |s P  |a 0  |w 0003330_0001 
996 |b 284AU06401  |c A* 9313 U  |l AAKNAR  |s A  |a 24  |w 0003330_0002